Capítulo 9. Para analizar los procesos de democratización: Interfaces socioestatales, proyectos políticos y rendición de cuentas /
Gorde:
| Egile nagusia: | |
|---|---|
| Beste egile batzuk: | |
| Formatua: | Texto |
| Hizkuntza: | Spanish |
| Argitaratua: |
s.l.:
CIESAS. Universidad Veracruzana
|
| Gaiak: | |
| Etiketak: |
Etiketa erantsi
Etiketarik gabe, Izan zaitez lehena erregistro honi etiketa jartzen!
|
MARC
| LEADER | 00000 a a2200000 04500 | ||
|---|---|---|---|
| 001 | 34794 | ||
| 003 | cru IIS | ||
| 005 | 20230704143708.0 | ||
| 008 | 230704b |||||||| |||| 00| 0 spa d | ||
| 020 | |a 970-701-823-2 | ||
| 040 | |c CRAI/IIS | ||
| 090 | |a 0002 I87d | ||
| 100 | |a Isunza Vera, Ernesto |9 11522 | ||
| 245 | |a Capítulo 9. Para analizar los procesos de democratización: Interfaces socioestatales, proyectos políticos y rendición de cuentas / |c Ernesto Isunza Vera | ||
| 260 | |a s.l.: |b CIESAS. Universidad Veracruzana | ||
| 300 | |a 265-292 p. | ||
| 650 | |a REFORMA SOCIAL | ||
| 650 | |a EMPLEO | ||
| 650 | |a EDUCACION | ||
| 650 | |a PARTICIPACION SOCIAL | ||
| 650 | |a DEMOCRACIA | ||
| 650 | |a MEXICO | ||
| 700 | |a coord. |a Olvera, Alberto J. |a coord. | ||
| 773 | 0 | |0 16607 |9 9353 |a Isunza Vera, Ernesto |d México: CIESAS. Universidad Veracruzana 2006 |o 02563 |t Democratización, rendición de cuentas y sociedad civil: participación ciudadana y control social / |w (cru CIDCACS/IIS)34377 |z 970-701-823-2 | |
| 942 | |2 ddc |c LI | ||
| 999 | |c 13559 |d 13559 | ||



